| 000 | 00727nam a2200217 i 4500 | ||
|---|---|---|---|
| 001 | 132492 | ||
| 003 | ES-MaACL | ||
| 005 | 20251124170355.0 | ||
| 007 | t| | ||
| 008 | 070214s1943 sp r ||||1| spa d | ||
| 100 | 1 |
_aRomero Murube, Joaquín, _d1904-1969 _999419 |
|
| 245 | 1 | 0 |
_aSevilla en los labios / _cpor J. Romero Murube ; ilustración de José Narro ; prólogo por E. Llosent y Marañón. |
| 250 | _a2ª ed. | ||
| 260 |
_aBarcelona : _bMiracle, _c1943. |
||
| 300 |
_a174 p., 12 lám. ; _c22 cm. |
||
| 651 | 4 |
_aSevilla- _xDescripción. _99383 |
|
| 700 | 1 |
_aNarro, José, _d1902- _984950 |
|
| 700 | 1 |
_aLlosent y Marañón, Eduardo. _972933 |
|
| 852 |
_aES-MaACL _jF-5546 _bR.20367 |
||
| 999 |
_c132492 _d132492 |
||